000 00732nam a2200181Ia 4500
003 GCL
008 140319s9999 xx 000 0 ara d
040 _aGCL /
_cGCL
082 0 4 _aق
_b962.042
_bع خ
100 1 _aعبدالمنعم ابراهيم الدسوقى
245 1 0 _aالخديوى عباس الثانى والحزب الوطنى 1892 - 1914 /
_cعبدالمنعم ابراهيم الدسوقى
300 _a383 ص
490 _aالهيئة العامة للاستعلامات
_v0
650 0 4 _aالتاريخ
650 0 4 _aمصر - تاريخ - العصر الحديث (1805 - 1956 )
650 0 4 _aمصر - تاريخ - العصر الحديث - عباس حلمى الثانى ( 1892-1914 م )
942 _2ddc
_cBK
999 _c49753
_d49753